Psicología evolutiva de la infancia

Guardat en:
Dades bibliogràfiques
Autor principal: Bianchi, Ariel E
Format: Llibre
Idioma:espanyol
Publicat: Buenos Aires Troquel 1972
Matèries:
Etiquetes: Afegir etiqueta
Sense etiquetes, Sigues el primer a etiquetar aquest registre!

MARC

LEADER 00000nam a2200000 a 4500
001 UCO9948
003 CL-VaPUC
005 20211016074455.0
008 010316e19720000AG |||||||||||||||||spa|d
999 |c 293961  |d 293959 
040 |c Pontificia Universidad Católica de Valparaíso 
082 0 4 |a 155.7 BIA 1972  |2 21 
100 0 |a Bianchi, Ariel E  |9 455186 
245 1 0 |a Psicología evolutiva de la infancia 
260 |a Buenos Aires  |b Troquel  |c 1972 
300 |a 255 páginas 
583 |a last modification  |c 20010316 00:00:00  |k Rodrigo Vera 
650 0 |a Psicología del desarrollo  |9 307541 
650 0 |a Psicología del niño  |9 307305 
650 0 |a Niños  |9 255605 
650 0 |a Lenguaje infantil   |9 314705 
942 |c BK  |2 ddc 
945 |d 20010316 00:00:00  |a vberengu 
952 |0 0  |1 0  |2 ddc  |4 0  |6 155_700000000000000_BIA_1972  |7 0  |8 A  |9 345766  |a FDOPOS  |b FDOPOS  |d 2019-11-20  |i 3691004  |o 155.7 BIA 1972  |p 3691004  |r 2025-01-22  |t 1  |w 2019-11-20  |y BK  |k MLA